000 01516nam a22002777a 4500
003 NALT
005 20251030141925.0
008 s2549 th tha d
020 _a9744493089
040 _aNALT
041 _atha
090 _aKE 143.4
_bน641ก 2549
100 0 _aนิยม รัฐอมฤต
_99490
245 1 0 _aกระบวนการไต่สวนและการถอดถอนผู้ดำรงตำแหน่งในระดับสูง :
_bในอำนาจหน้าที่ของ ป.ป.ช. /
_cคณะผู้วิจัย นิยม รัฐอมฤต ... [และคนอื่น ๆ].
260 _aนนทบุรี :
_bสถาบันพระปกเกล้า,
_c2549
300 _a304 หน้า :
_bแผนภูมิ, ตาราง ;
_c26 ซม.
650 4 _aการถอดถอน
_zไทย
_966835
650 4 _aการไต่สวน
_zไทย
_943471
653 4 _aการไต่สวนเพื่อถอดถอน
653 4 _aผู้ดำรงตำแหน่งในระดับสูง -- การไต่สวนและถอดถอน -- วิจัย
653 4 _aการฟ้องเจ้าพนักงานระดับสูงของรัฐ
700 0 _aสมิหรา จิตตลดากร
_949537
700 0 _aอุดม รัฐอมฤต
_918323
850 _aNALT
942 _cRSH
_2local
999 _c49395
_d49395
998 _j104
_k นางสาวสายฝน ดีงาม